| 000 | 01078nas a2200325 4500 | ||
|---|---|---|---|
| 001 | BR8400670 | ||
| 003 | BR-BrBNA | ||
| 005 | 20231205085756.0 | ||
| 007 | ta | ||
| 008 | 230509b bl.|||p| |||| 00| 00por d | ||
| 040 |
_aBR-BrBNA _bpor _cBiblioteca Nacional de Agricultura |
||
| 041 | _a(Pt) | ||
| 072 | _aH20; F30 | ||
| 100 | 1 | _aCastro, H.A. de | |
| 100 | 1 | _aKrugner, T.L. | |
| 100 | 1 | _aIderiha, C.H.F. | |
| 100 | 1 | _aCappello, M.S.C. | |
| 100 | 1 | _aMarchi, A.B. | |
| 245 | 1 | _aInoculacao cruzada de Eucalyptus, goiaba (Psidium guajava)e jambeiro (Syzygium jambos)com Puccinia psidii [ferrugem] | |
| 246 | 1 | _aCross-inoculation of Eucalyptus, guava (Psidium guajava)and rose apple (Syzygium jambos)whit Puccinia psidii [rust] | |
| 650 | _aEUCALIPTO | ||
| 650 | _aGOIABA | ||
| 650 | _aJAMBO | ||
| 650 | _aFERRUGEM | ||
| 650 | _aCRUZAMENTO VEGETAL | ||
| 650 | _aHOSPEDEIRO VEGETAL | ||
| 773 | 0 |
_tFitopatologia Brasileira (Brazil) _xISSN 0100-4158 _g(Oct 1983), v. 8(3) p. 491-497 _wBR8400670 |
|
| 909 |
_a202311 _bLúcia _c55 _dLúcia Elande |
||
| 942 |
_2AGRIS _n0 _cANA |
||
| 999 |
_c113733 _d113733 |
||